Specification on radio noise strenght for electrical appilication.
| Format: | Book |
|---|---|
| Published: |
Tokyo:
JETRO,
2002.
|
| Subjects: |
| LEADER | 00415cam a2200133 7i4500 | ||
|---|---|---|---|
| 001 | 0000013122 | ||
| 005 | 20031223090000.0 | ||
| 090 | 0 | 0 | |a JAPN 621.31937 |b SPE |
| 245 | 0 | 0 | |a Specification on radio noise strenght for electrical appilication. |
| 260 | 0 | 0 | |a Tokyo: |b JETRO, |c 2002. |
| 300 | # | # | |a 117 p. |
| 650 | 0 | 0 | |a Electrical appliances -- |x Markets -- |z Japan |
| 651 | 0 | 0 | |a Japan |
| 999 | |a 0000014006 |b Book |c Book |e Business Information Centre | ||